फ्रॉम एक्स एल टु एक्स एस / (Record no. 66399)

MARC details
000 -LEADER
fixed length control field 01229nam a22002417a 4500
005 - DATE AND TIME OF LATEST TRANSACTION
control field 20120112143825.0
008 - FIXED-LENGTH DATA ELEMENTS--GENERAL INFORMATION
fixed length control field 120112t xxu||||| |||| 00| 0 mar d
010 ## - LCCN (DPL NO)
LC control number MAR-22044
020 ## - INTERNATIONAL STANDARD BOOK NUMBER
Terms of availability 300.00
International Standard Book Number 9789380514710
035 ## - SYSTEM CONTROL NUMBER
System control number MR-14702
037 ## - SOURCE OF ACQUISITION
Source of stock number/acquisition DBAD/PUB
040 ## - CATALOGING SOURCE
Original cataloging agency DPL
Language of cataloging MR
082 ## - DEWEY DECIMAL CLASSIFICATION NUMBER
Classification number 613.7
100 ## - MAIN ENTRY--PERSONAL NAME
Personal name तिवारी, पायल गिडवानी
9 (RLIN) 39079
245 ## - TITLE STATEMENT
Title फ्रॉम एक्स एल टु एक्स एस /
Statement of responsibility, etc पायल गिडवानी तिवारी ; आशा कबरे मटाले द्वारा अनुवादित
246 ## - VARYING FORM OF TITLE
Title proper/short title From XL to XS
Remainder of title by Payal Gidwani Tiwari
260 ## - PUBLICATION, DISTRIBUTION, ETC. (IMPRINT)
Place of publication, distribution, etc पुणे
Name of publisher, distributor, etc अभेय प्रकाशन
Date of publication, distribution, etc 2011
270 ## - ADDRESS
Address 207,बिझनेस गिल्ड,लॉ कॉलेज रोड
City पुणे
Postal code 411004
300 ## - PHYSICAL DESCRIPTION
Extent 336पृ
Dimensions 21सेमी(अजिल्द)
Other physical details सचित्र
700 ## - ADDED ENTRY--PERSONAL NAME
Personal name मटाले,आशा कबरे
9 (RLIN) 46771
942 ## - ADDED ENTRY ELEMENTS (KOHA)
Source of classification or shelving scheme Dewey Decimal Classification
Item type Marathi Books
Call number suffix तिवारी
Classification part 613.7
Holdings
Withdrawn status Lost status Source of classification or shelving scheme Damaged status Not for loan Collection code Home library Current library Date acquired Source of acquisition Cost, normal purchase price Total Checkouts Full call number Barcode Date last seen Copy number Cost, replacement price Koha item type
    Dewey Decimal Classification   Not For Loan Non-fiction D.B.Act.Division D.B.Act.Division 09/05/2012 DBAD / PUB 300.00   613.7 तिवारी MR-14702 09/05/2012 1 300.00 Marathi Books

© Delhi Public Library
Hit Counter
free hit counter